Bilen kâlp (Record no. 1195)

MARC details
000 -BAŞLIK
Sabit Uzunlukta Kontrol Alanı 00737na a2200265 4500
001 - KONTROL NUMARASI
Denetim Alanı 12929
003 - KONTROL NUMARASI IDENTIFIER
Denetim Alanı MIRAKIL
005 - SON İŞLEM TARİHİ VE ZAMANI
Denetim Alanı 20181213154815.0
008 - SABİT-BOY VERİ ELEMANLARI - GENEL BİLGİLER
Sabit Uzunlukta Kontrol Alanı 161010b tu 000 0
020 ## - ULUSLARARASI STANDART KİTAP NUMARASI
Uluslararası Standart Kitap Numarası 9757800473
035 ## - SİSTEM KONTROL NUMARASI
Sistem Kontrol Numarası 12929
040 ## - KATALOGLAMA KAYNAK
Orijinal Kataloglama Ajansı Milas
Kataloglama Dili tur
Metne Dönüştürmek Ajansı TR-AnCHP
041 ## - DİL KODU
Metin / Ses Parça Veya Ayrı Başlığın Dil Kodu tur
082 ## - DEWEY ONLU SINIFLANDIRMA NUMARASI
Sınıflandırma Numarası 297.4
Ürün Numarası H34b 2001
090 ## - SINIFLAMA NUMARASI
Sınıflama Numarası 297.4 H34b 2001
100 ## - ANA GİRİŞ - KİŞİSEL İSİM
Kişisel Ad Helminski, Kabir
245 ## - BAŞLIK TABLOSU
Başlık Bilen kâlp
Başlığın Kalan ruhsal dönüşümün sufi yolu
Sorumluluk Tablosu, Vb Kabir Helminski ; çeviren Refik Algan
246 ## - UNVAN FORM VARYING
Başlık Doğru / Kısa Başlığı Bilen kalp
246 ## - UNVAN FORM VARYING
Başlık Doğru / Kısa Başlığı ruhsal dönüşümün sufi yolu
260 ## - YAYIN, DAĞITIM, VB
Yayın, Dağıtım, Vb Yeri İstanbul
Yayıncı, Dağıtıcı, Vs Adı Dharma Yayınları
Yayın, Dağıtım, Vb Tarihi 2001
300 ## - FİZİKSEL TANIM
Kapsam 371 s.
Boyutlar 21 sm.
650 ## - KONU KATMA GİRİŞ - TOPİKAL DÖNEM
Topikal Süreli Veya Coğrafi Ad Giriş Elemanı İslam
Genel Alt Bölümü Tasavvuf
650 ## - KONU KATMA GİRİŞ - TOPİKAL DÖNEM
Topikal Süreli Veya Coğrafi Ad Giriş Elemanı İslam
Genel Alt Bölümü Mevlevilik
-- Sufizm
942 ## - EKLENDİ GİRİŞ ELEMANLARI (KOHA)
Sınıflandırma Veya Raf Düzeni Kaynak Dewey Decimal Classification
Koha Öğesi Türü Books
999 ## - SİSTEM KONTROL NUMARALARI (KOHA)
Koha Biblionumber 1195
Koha Biblioitemnumber 1195
Holdings
Kalıcı Konum Mevcut Konum Edinme Tarihi Edinim Kaynak Toplam Check-Out'Lar Tam Çağrı Numarası Barkod Tarih Son Görülme İtibaren Geçerli Fiyatlar Koha Öğesi Türü
CHP Kütüphanesi CHP Kütüphanesi 08/03/2016 Bağış   297.4 H34b 2001 000495 08/03/2016 08/03/2016 Books